Normal view
MARC view
- القانون -- معجم مصطلحات -- السياسة -- معجم مصطلحات -- الدبلوماسية -- معجم مصطلحات -- الاقتصاد -- معجم مصطلحات -- التجارة -- معجم مصطلحات
Entry Topical Term
001 - CONTROL NUMBER
- control field: 43944
003 - CONTROL NUMBER IDENTIFIER
- control field: JO-AjAnu
005 - DATE AND TIME OF LATEST TRANSACTION
- control field: 20230606081259.0
008 - FIXED-LENGTH DATA ELEMENTS
- fixed length control field: 230606|| aca||aabn | a|a d
040 ## - CATALOGING SOURCE
- Original cataloging agency: JO-AjAnu
- Transcribing agency: JO-AjAnu
150 ## - HEADING--TOPICAL TERM
- Topical term or geographic name entry element: القانون -- معجم مصطلحات -- السياسة -- معجم مصطلحات -- الدبلوماسية -- معجم مصطلحات -- الاقتصاد -- معجم مصطلحات -- التجارة -- معجم مصطلحات
670 ## - SOURCE DATA FOUND
- Source citation: Work cat.: (JO-AjAnu)22500: العزب، أمير, author 43943, قاموس المصطلحات والتعبيرات القانونية-السياسية-الدبلوماسية-الاقتصادية-التجارية والمالية المتداولة عربي - انجليزي 8000 مصطلح وتعبير